[Event "Quebec-ch classe"]
[Site "Trois-Rivieres CAN"]
[Date "2006.10.08"]
[Round "4"]
[White "Picard, Jean"]
[Black "Le Duin, Thierry"]
[Result "0-1"]
[WhiteElo "2126"]
[BlackElo "2134"]
[PlyCount "82"]
[EventDate "2006.10.06"]
[EventType "swiss"]
[EventRounds "5"]
[EventCountry "CAN"]

1. e4 d5 2. exd5 Nf6 3. Bb5+ Bd7 4. Bc4 Bg4 5. f3 Bf5 6. Nc3 Nbd7 7. Qe2 Nb6 8.
Bb3 Nfxd5 9. Nxd5 Nxd5 10. Qb5+ c6 11. Qxb7 Qc8 12. Qxc8+ Rxc8 13. Ne2 e6 14.
d3 Be7 15. Bd2 Bf6 16. h4 h6 17. O-O-O Kd7 18. Ng3 Bg6 19. h5 Bh7 20. Ne4 Bd4
21. Rde1 Rb8 22. g4 f5 23. Nc3 fxg4 24. fxg4 Rhf8 25. Ne4 Rf3 26. g5 Nf4 27.
gxh6 gxh6 28. Nc3 Bf5 29. Rh4 e5 30. Ne2 Bf2 31. Rxf4 exf4 32. Rf1 Bh3 33. Rh1
Bg2 34. Rh2 Be3 35. c3 Rf1+ 36. Kc2 Bxd2 37. Kxd2 f3 38. Nd4 Rf8 39. Be6+ Kd6
40. Bg4 Rb1 41. Ke3 f2 0-1

[Event "Quebec-ch classe"]
[Site "Trois-Rivieres CAN"]
[Date "2006.10.08"]
[Round "5"]
[White "Larochelle, Martial"]
[Black "Lemire-Paquin, Alexandre"]
[Result "1-0"]
[WhiteElo "2152"]
[BlackElo "2009"]
[PlyCount "127"]
[EventDate "2006.10.06"]
[EventType "swiss"]
[EventRounds "5"]
[EventCountry "CAN"]

1. Nf3 Nf6 2. c4 g6 3. Nc3 Bg7 4. e4 d6 5. d4 O-O 6. Be2 e5 7. d5 a5 8. Bg5 h6
9. Bh4 Nbd7 10. Nd2 Nc5 11. O-O g5 12. Bg3 Nfxe4 13. Ndxe4 Nxe4 14. Nxe4 f5 15.
Nc3 f4 16. Ne4 Bf5 17. Bd3 Qe8 18. f3 Bxe4 19. Bxe4 fxg3 20. hxg3 h5 21. Qd3
Rf6 22. Qd2 Bh6 23. g4 Qf7 24. Rae1 b6 25. Qd3 Rf8 26. Bf5 Rxf5 27. Qxf5 Qxf5
28. gxf5 Rxf5 29. Re4 Rf4 30. Rxf4 exf4 31. Kf2 Bg7 32. b3 Kf7 33. Ke2 Kg6 34.
Kd3 Kf5 35. Rh1 h4 36. Re1 Be5 37. Rh1 Bf6 38. Rh3 Be5 39. Rh2 Bf6 40. Rh1 Bg7
41. b4 axb4 42. Rb1 g4 43. Rxb4 g3 44. Rb1 h3 45. gxh3 Kg5 46. h4+ Kxh4 47.
Rh1+ Kg5 48. Rh7 Kg6 49. Rh4 Kf5 50. Ke2 Bd4 51. Kf1 Bc5 52. Rh5+ Kg6 53. Rh8
Kf5 54. Rh7 Ke5 55. Re7+ Kd4 56. Re4+ Kc3 57. Rxf4 Kb2 58. Re4 Kxa2 59. f4 Bb4
60. f5 Bc3 61. Re3 Bd4 62. Rxg3 Be5 63. Re3 Bd4 64. Ke2 1-0

[Event "Quebec-ch classe"]
[Site "Trois-Rivieres CAN"]
[Date "2006.10.08"]
[Round "5"]
[White "Le Duin, Thierry"]
[Black "Prahov, Valentin"]
[Result "0-1"]
[WhiteElo "2134"]
[BlackElo "2178"]
[PlyCount "74"]
[EventDate "2006.10.06"]
[EventType "swiss"]
[EventRounds "5"]
[EventCountry "CAN"]

1. d4 Nf6 2. c4 g6 3. Nc3 d5 4. Bf4 Bg7 5. e3 c5 6. dxc5 Qa5 7. Qa4+ Qxa4 8.
Nxa4 O-O 9. Nc3 Be6 10. Nf3 Nbd7 11. Rd1 dxc4 12. Nd4 Nxc5 13. Be5 Rac8 14. Be2
a6 15. a4 Rfd8 16. O-O Nfd7 17. Bxg7 Kxg7 18. Bf3 Ne5 19. Nxe6+ fxe6 20. Be4 b6
21. g3 Rd6 22. Bc2 Rcd8 23. Rxd6 exd6 24. Rd1 d5 25. Ne2 Kf6 26. Kg2 b5 27.
axb5 axb5 28. e4 b4 29. exd5 exd5 30. h3 b3 31. Bb1 Ned3 32. Bxd3 Nxd3 33. Rd2
d4 34. Kf3 Ke5 35. Nf4 Nxf4 36. gxf4+ Kd5 37. Re2 c3 0-1

[Event "Quebec-ch intercoll."]
[Site "Montreal CAN"]
[Date "2006.04.01"]
[Round "1"]
[White "Huynn, Francois"]
[Black "Hayne, Alexander"]
[Result "0-1"]
[WhiteElo "1470"]
[BlackElo "1671"]
[PlyCount "74"]
[EventDate "2006.04.02"]
[EventType "swiss"]
[EventRounds "5"]
[EventCountry "CAN"]

1. e4 c5 2. Nf3 d6 3. d4 cxd4 4. Nxd4 Nf6 5. Nc3 g6 6. Bd3 Bg7 7. Be3 Nc6 8.
Nxc6 bxc6 9. O-O Ng4 10. Bd2 O-O 11. h3 Ne5 12. Qe2 Rb8 13. Rab1 Qb6 14. Be3 c5
15. Nd5 Qd8 16. Rfd1 e6 17. Nc3 Qc7 18. Bc4 Nxc4 19. Qxc4 Rb4 20. Qd3 Qb6 21.
a3 Ba6 22. Qxd6 Rxb2 23. Rxb2 Qxb2 24. Na4 Qxc2 25. Nxc5 Bb5 26. e5 Qc3 27. Bd4
Qxa3 28. Ra1 Qb4 29. Rxa7 Rc8 30. Qe7 Qb1+ 31. Kh2 Qf5 32. Qb7 Rd8 33. Qe7
Bxe5+ 34. g3 Rxd4 35. Ra8+ Kg7 36. Qf8+ Kf6 37. Qh8+ Kg5 0-1

[Event "Quebec-ch intercoll."]
[Site "Montreal CAN"]
[Date "2006.04.01"]
[Round "3"]
[White "Huynh, Francois"]
[Black "Feoktistov, Dmitri"]
[Result "0-1"]
[WhiteElo "2182"]
[BlackElo "1470"]
[PlyCount "54"]
[EventDate "2006.04.02"]
[EventType "swiss"]
[EventRounds "5"]
[EventCountry "CAN"]

1. e4 c6 2. d4 d5 3. e5 Bf5 4. Bd3 Bxd3 5. Qxd3 e6 6. Nf3 Qb6 7. c3 c5 8. O-O
cxd4 9. cxd4 Nc6 10. Nc3 Nge7 11. Na4 Qa5 12. Nc5 Qc7 13. Bd2 Ng6 14. Rfc1 Bxc5
15. Rxc5 O-O 16. Rac1 Qb6 17. Rb5 Qa6 18. Qb3 Nh4 19. Rxc6 Nxf3+ 20. gxf3 bxc6
21. Ra5 Qb6 22. Qxb6 axb6 23. Rxa8 Rxa8 24. a3 c5 25. Bc3 Ra4 26. dxc5 bxc5 27.
Kf1 Kf8 0-1

[Event "Quebec-ch intercoll."]
[Site "Montreal CAN"]
[Date "2006.04.02"]
[Round "4"]
[White "Feoktistov, Dmitri"]
[Black "Hayne, Alexander"]
[Result "1/2-1/2"]
[WhiteElo "2189"]
[BlackElo "1671"]
[PlyCount "33"]
[EventDate "2006.04.02"]
[EventType "swiss"]
[EventRounds "5"]
[EventCountry "CAN"]

1. d4 Nf6 2. c4 g6 3. Nc3 Bg7 4. e4 d6 5. f3 O-O 6. Be3 c5 7. Nge2 cxd4 8. Nxd4
Nc6 9. Qd2 Bd7 10. Be2 Rc8 11. Nxc6 bxc6 12. O-O Re8 13. c5 Be6 14. Rfd1 d5 15.
Ba6 Rc7 16. Ne2 Bc8 17. Qa5 1/2-1/2

[Event "Quebec-ch intercoll."]
[Site "Montreal CAN"]
[Date "2006.04.02"]
[Round "5"]
[White "Meng, Tian"]
[Black "Tardif-Drolet, Francois"]
[Result "1-0"]
[WhiteElo "1335"]
[BlackElo "1199"]
[PlyCount "97"]
[EventDate "2006.04.02"]
[EventType "swiss"]
[EventRounds "5"]
[EventCountry "CAN"]

1. e4 e5 2. Nf3 Nf6 3. Nxe5 d6 4. Nf3 Nxe4 5. Qe2 Qe7 6. d3 Nf6 7. Bg5 Nc6 8.
Bxf6 gxf6 9. Qxe7+ Bxe7 10. Nc3 Bg4 11. Be2 O-O-O 12. h3 Bh5 13. g4 Bg6 14. h4
h6 15. O-O-O Bh7 16. Ne1 f5 17. f3 fxg4 18. fxg4 f5 19. Ng2 Nd4 20. gxf5 Nxe2+
21. Nxe2 Bxf5 22. Nd4 Bd7 23. Rde1 Rde8 24. Rhf1 Bh3 25. Rf7 Kd8 26. Nf4 Rhg8
27. Nxh3 Bxh4 28. Ne6+ Kc8 29. Re4 Be7 30. c4 Rg3 31. Nef4 Kd8 32. Kc2 Bg5 33.
Nxg5 hxg5 34. Ne6+ Kc8 35. Rxc7+ Kb8 36. Rg7 Rh8 37. Rxg5 Rf3 38. Nd4 Rf2+ 39.
Re2 Rf4 40. Kc3 a6 41. Rg7 b5 42. Nc6+ Kc8 43. Ree7 b4+ 44. Kxb4 a5+ 45. Kxa5
Rh5+ 46. Kb6 Rb5+ 47. cxb5 Rf7 48. Rc7+ Rxc7 49. Rxc7# 1-0

[Event "Quebec-ch qual. 1"]
[Site "Montreal CAN"]
[Date "2006.05.05"]
[Round "1"]
[White "Arsenault, Nicolas"]
[Black "Mathews, Theo"]
[Result "1-0"]
[WhiteElo "2095"]
[BlackElo "1591"]
[PlyCount "73"]
[EventDate "2006.05.05"]
[EventType "swiss"]
[EventRounds "5"]
[EventCountry "CAN"]

1. e4 e5 2. Nf3 Nf6 3. Nxe5 d6 4. Nf3 Nxe4 5. Nc3 Nxc3 6. dxc3 Be7 7. Be3 Bg4
8. Qd2 Nc6 9. h3 Be6 10. Ng5 Bf5 11. O-O-O h6 12. Nf3 a6 13. Kb1 Qd7 14. Be2
O-O-O 15. Rhe1 Bf6 16. Nd4 Nxd4 17. Bxd4 Bxd4 18. Qxd4 Kb8 19. g4 Be6 20. Qxg7
Qa4 21. b3 Qf4 22. Qd4 Qxd4 23. cxd4 h5 24. gxh5 Bxh3 25. Bf3 Rh6 26. Re3 Bc8
27. Rg1 c5 28. Rg7 cxd4 29. Re7 Rf6 30. Rgxf7 Rf8 31. Rxf8 Rxf8 32. Be4 Rh8 33.
Rh7 Rf8 34. h6 Rxf2 35. Rg7 Bf5 36. Bxf5 Rxf5 37. h7 1-0

[Event "Quebec-ch qual. 1"]
[Site "Montreal CAN"]
[Date "2006.05.05"]
[Round "1"]
[White "Chesnut, Walter"]
[Black "Cloutier, Mathieu"]
[Result "0-1"]
[WhiteElo "1385"]
[BlackElo "2043"]
[PlyCount "46"]
[EventDate "2006.05.05"]
[EventType "swiss"]
[EventRounds "5"]
[EventCountry "CAN"]

1. e4 e6 2. d4 d5 3. Nc3 dxe4 4. Nxe4 Nd7 5. Nf3 Ngf6 6. Ng3 c6 7. Bd3 Bd6 8.
Be3 O-O 9. Qd2 c5 10. Ne4 Nxe4 11. Bxe4 Nf6 12. Bd3 cxd4 13. Bxd4 e5 14. Bc3 e4
15. Bxf6 Qxf6 16. Bxe4 Re8 17. Qd3 Bf5 18. Nd2 Bf4 19. f3 Rad8 20. Qe2 Bxd2+
21. Qxd2 Rxd2 22. Kxd2 Bxe4 23. fxe4 Qf4+ 0-1

[Event "Quebec-ch qual. 1"]
[Site "Montreal CAN"]
[Date "2006.05.05"]
[Round "1"]
[White "Giroux, Robert"]
[Black "Bordeleau, Jean-Francois"]
[Result "1-0"]
[WhiteElo "1784"]
[BlackElo "1443"]
[PlyCount "55"]
[EventDate "2006.05.05"]
[EventType "swiss"]
[EventRounds "5"]
[EventCountry "CAN"]

1. d4 d5 2. c4 e5 3. dxe5 d4 4. Nf3 Nc6 5. g3 Bg4 6. Bg2 Qd7 7. Nbd2 Bb4 8. O-O
O-O-O 9. Qb3 Nge7 10. a3 Bxd2 11. Bxd2 Ng6 12. Bf4 Bh3 13. e6 Bxe6 14. Rfd1 Bh3
15. Bh1 Nxf4 16. Nxd4 Qxd4 17. gxf4 Qf6 18. Qxh3+ Kb8 19. Qb3 Rhe8 20. e3 Qe6
21. Rd5 Qg4+ 22. Bg2 Rxd5 23. cxd5 Nd8 24. Rc1 g5 25. Qc4 gxf4 26. Qxc7+ Ka8
27. Qc8+ Qxc8 28. Rxc8# 1-0

[Event "Quebec-ch qual. 1"]
[Site "Montreal CAN"]
[Date "2006.05.05"]
[Round "1"]
[White "Goldner, John"]
[Black "Laurain, Guy"]
[Result "0-1"]
[WhiteElo "1763"]
[BlackElo "2138"]
[PlyCount "135"]
[EventDate "2006.05.05"]
[EventType "swiss"]
[EventRounds "5"]
[EventCountry "CAN"]

1. e4 c5 2. Nf3 Nc6 3. d4 cxd4 4. Nxd4 Nf6 5. Nc3 d6 6. Be2 e6 7. Be3 Be7 8.
O-O O-O 9. Kh1 a6 10. f4 Qc7 11. Bf3 Na5 12. Qe1 Nc4 13. Bc1 Nd7 14. b3 Bf6 15.
Nde2 Na5 16. Ba3 Nc6 17. Rd1 Be7 18. Qd2 Nc5 19. b4 Nd7 20. b5 Na5 21. Bxd6
Bxd6 22. Qxd6 Qxd6 23. Rxd6 Nc4 24. Rd4 axb5 25. Nxb5 Ne3 26. Rc1 Rxa2 27. c4
Nc5 28. Nec3 Rb2 29. Rb1 Rc2 30. Kg1 e5 31. fxe5 Ne6 32. Rd3 Nxc4 33. Bd1 Rxg2+
34. Kxg2 Nf4+ 35. Kg3 Nxd3 36. Be2 Ndxe5 37. Bxc4 Nxc4 38. Na7 f6 39. Nd5 Be6
40. Ne7+ Kf7 41. Nd5 Nd6 42. Kf4 Bxd5 43. exd5 g5+ 44. Kf3 Ra8 45. Nb5 Nc4 46.
Rc1 Ne5+ 47. Kg3 Rd8 48. Rc7+ Kg6 49. d6 Nf7 50. d7 Ne5 51. Rxb7 Nxd7 52. Ra7
Ne5 53. Nc7 Rd3+ 54. Kg2 Rd2+ 55. Kg3 f5 56. Ne6 f4+ 57. Nxf4+ gxf4+ 58. Kxf4
Nf7 59. Ra6+ Kh5 60. Kg3 Rd3+ 61. Kg2 Ng5 62. Ra5 Rd4 63. Kg3 Rg4+ 64. Kf2 Kh4
65. Ra6 h5 66. Rh6 Ra4 67. Kf1 Ra2 68. Rb6 0-1

[Event "Quebec-ch qual. 1"]
[Site "Montreal CAN"]
[Date "2006.05.05"]
[Round "1"]
[White "Hajiyev, Elshad"]
[Black "Brunet, Guy"]
[Result "1-0"]
[WhiteElo "2047"]
[BlackElo "1473"]
[PlyCount "31"]
[EventDate "2006.05.05"]
[EventType "swiss"]
[EventRounds "5"]
[EventCountry "CAN"]

1. d4 d6 2. e4 Nf6 3. Nc3 g6 4. Nf3 Bg7 5. Bg5 O-O 6. Bc4 Be6 7. d5 Bd7 8. Qd2
c5 9. a4 Na6 10. Bh6 Nc7 11. Bxg7 Kxg7 12. h4 e6 13. h5 Nxh5 14. g4 exd5 15.
gxh5 dxc4 16. hxg6 1-0

[Event "Quebec-ch qual. 1"]
[Site "Montreal CAN"]
[Date "2006.05.05"]
[Round "1"]
[White "Le Duin, Thierry"]
[Black "Roy, Myriam"]
[Result "1-0"]
[WhiteElo "2132"]
[BlackElo "1668"]
[PlyCount "87"]
[EventDate "2006.05.05"]
[EventType "swiss"]
[EventRounds "5"]
[EventCountry "CAN"]

1. d4 d5 2. Nf3 Nf6 3. c3 e6 4. Bg5 c5 5. e3 Nc6 6. Nbd2 Be7 7. Bd3 b6 8. Bb5
Bd7 9. Bd3 Bc8 10. O-O O-O 11. Ne5 Nxe5 12. dxe5 Nd7 13. Bxe7 Qxe7 14. f4 f6
15. Nf3 fxe5 16. fxe5 Bb7 17. Qe1 Rxf3 18. gxf3 Nxe5 19. Qe2 Rf8 20. f4 Nxd3
21. Qxd3 Qh4 22. Rf2 Rf6 23. Kf1 e5 24. Qe2 exf4 25. Rxf4 Rxf4+ 26. exf4 Qxf4+
27. Ke1 h6 28. Rd1 Kh7 29. Qd3+ Kg8 30. Rd2 c4 31. Qg3 Qxg3+ 32. hxg3 Kf7 33.
Kf2 Kf6 34. Ke3 g5 35. Rf2+ Kg6 36. Rf8 Kh5 37. Rf7 Bc8 38. Rxa7 Kg4 39. Kf2 h5
40. Rc7 Bf5 41. Rb7 h4 42. gxh4 Kxh4 43. Rxb6 g4 44. a4 1-0

[Event "Quebec-ch qual. 1"]
[Site "Montreal CAN"]
[Date "2006.05.05"]
[Round "1"]
[White "Lefebvre, Gabriel"]
[Black "Malveau, Cedric"]
[Result "0-1"]
[WhiteElo "1494"]
[BlackElo "2060"]
[PlyCount "72"]
[EventDate "2006.05.05"]
[EventType "swiss"]
[EventRounds "5"]
[EventCountry "CAN"]

1. e4 c5 2. Nf3 d6 3. d4 cxd4 4. Nxd4 Nf6 5. Nc3 a6 6. f4 e6 7. Be2 Be7 8. O-O
Qc7 9. Be3 Nc6 10. Kh1 O-O 11. Qe1 Re8 12. Bf3 Bd7 13. Nxc6 Bxc6 14. g4 b5 15.
g5 Nd7 16. Qh4 b4 17. Ne2 Nc5 18. f5 exf5 19. exf5 Bd8 20. Bxc5 dxc5 21. Nf4 h6
22. Nh3 Re2 23. Qf4 Bxf3+ 24. Rxf3 hxg5 25. Qxc7 Bxc7 26. Rf2 Rxf2 27. Nxf2 Re8
28. Rd1 Re2 29. Ng4 Rxc2 30. Rd7 Bf4 31. Rd8+ Kh7 32. Rd7 Rxb2 33. Rxf7 Kg8 34.
Rb7 c4 35. Rb6 c3 36. Rxa6 c2 0-1

[Event "Quebec-ch qual. 1"]
[Site "Montreal CAN"]
[Date "2006.05.05"]
[Round "1"]
[White "Mok, Yuen Tak"]
[Black "Tremblay, Alain"]
[Result "0-1"]
[WhiteElo "1609"]
[BlackElo "2103"]
[PlyCount "72"]
[EventDate "2006.05.05"]
[EventType "swiss"]
[EventRounds "5"]
[EventCountry "CAN"]

1. e4 e5 2. Nf3 Nf6 3. Nxe5 d6 4. Nf3 Nxe4 5. d4 d5 6. Bd3 Bd6 7. O-O O-O 8. c4
c6 9. Re1 Re8 10. Qc2 f5 11. Nc3 Be6 12. c5 Bc7 13. b4 a6 14. Bd2 Nd7 15. a4
Qf6 16. b5 Nxd2 17. Qxd2 Ba5 18. Ne5 Nxc5 19. Nxd5 Bxd5 20. Qxa5 Nb3 21. Qc3
Nxa1 22. bxc6 bxc6 23. Rxa1 f4 24. Bc4 Qe6 25. Bd3 a5 26. f3 Reb8 27. Nc4 Rb4
28. Ne5 Rab8 29. Qc2 g6 30. Qc5 Re8 31. Kf2 Qe7 32. Qc3 c5 33. Re1 cxd4 34. Qd2
Qh4+ 35. Kg1 Rb2 36. Qc1 Qf2+ 0-1

[Event "Quebec-ch qual. 1"]
[Site "Montreal CAN"]
[Date "2006.05.05"]
[Round "1"]
[White "Sicotte, Marc"]
[Black "Michaud, Pierre"]
[Result "1-0"]
[WhiteElo "2500"]
[BlackElo "2500"]
[PlyCount "85"]
[EventDate "2006.05.05"]
[EventType "swiss"]
[EventRounds "5"]
[EventCountry "CAN"]

1. e4 c5 2. Nf3 d6 3. d4 cxd4 4. Nxd4 Nf6 5. Nc3 a6 6. f4 e6 7. a4 Nc6 8. Nf3
Qc7 9. Bd3 Be7 10. O-O Qb6+ 11. Kh1 Ng4 12. Qe1 Bd7 13. h3 Nf6 14. e5 dxe5 15.
fxe5 Nd5 16. Nxd5 exd5 17. Ng5 Be6 18. Qg3 O-O-O 19. Nxf7 Bxf7 20. Rxf7 g6 21.
c3 Rd7 22. Bg5 Qd8 23. Bf4 Bh4 24. Qg4 h5 25. Qxg6 Rxf7 26. Qxf7 Kb8 27. e6+
Ka8 28. Qd7 Nb8 29. Qxd8 Rxd8 30. Bg6 Nc6 31. Bxh5 Ne7 32. g3 Bf6 33. g4 d4 34.
c4 d3 35. g5 Bg7 36. Rd1 Rd4 37. Be3 Rxc4 38. Rxd3 Rc8 39. Rd7 Nf5 40. Bf3 Ng3+
41. Kg2 Rc2+ 42. Kxg3 Be5+ 43. Bf4 1-0

[Event "Quebec-ch qual. 1"]
[Site "Montreal CAN"]
[Date "2006.05.05"]
[Round "1"]
[White "Sullivan, Neil"]
[Black "Dugas, Hugues"]
[Result "1-0"]
[WhiteElo "2066"]
[BlackElo "1559"]
[PlyCount "67"]
[EventDate "2006.05.05"]
[EventType "swiss"]
[EventRounds "5"]
[EventCountry "CAN"]

1. e4 c6 2. d3 g6 3. g3 Bg7 4. Bg2 Nh6 5. Nf3 O-O 6. c3 d6 7. O-O f6 8. Nbd2
Nf7 9. Re1 Nd7 10. d4 e5 11. a4 exd4 12. cxd4 a5 13. Nc4 Re8 14. Qb3 Kh8 15.
Bf4 Bf8 16. h4 g5 17. hxg5 fxg5 18. Bd2 b6 19. Bc3 Bg7 20. Ne3 Nh6 21. Rad1 Nf8
22. Nc4 Rb8 23. d5 cxd5 24. Rxd5 Nf7 25. Nxd6 Nxd6 26. Bxg7+ Kxg7 27. Qc3+ Kg8
28. e5 Re6 29. Nd4 Rh6 30. Nc6 Qc7 31. exd6 Rxd6 32. Ne7+ Qxe7 33. Rxe7 Rg6 34.
Rd8 1-0

[Event "Quebec-ch qual. 1"]
[Site "Montreal CAN"]
[Date "2006.05.05"]
[Round "1"]
[White "Zafirov, Stephane"]
[Black "Solar, Dariusz"]
[Result "1/2-1/2"]
[WhiteElo "2180"]
[BlackElo "1783"]
[PlyCount "56"]
[EventDate "2006.05.05"]
[EventType "swiss"]
[EventRounds "5"]
[EventCountry "CAN"]

1. e4 e6 2. Nf3 d5 3. Nc3 dxe4 4. Nxe4 Nd7 5. d4 Ngf6 6. Bd3 Be7 7. Qe2 O-O 8.
Bg5 Re8 9. Nxf6+ Bxf6 10. Bxf6 Nxf6 11. O-O-O Qe7 12. h4 b6 13. Ne5 Bb7 14. Bb5
Rf8 15. Rh3 a6 16. Bc6 Bxc6 17. Nxc6 Qd6 18. Ne5 Rfd8 19. Rhd3 Qd5 20. Kb1 Qxg2
21. Nf3 Qg6 22. Rg1 Qh6 23. Qe5 Rac8 24. Ng5 Rd5 25. Qg3 Nh5 26. Qf3 Nf6 27.
Qg3 Nh5 28. Qf3 Nf6 1/2-1/2

[Event "Quebec-ch qual. 1"]
[Site "Montreal CAN"]
[Date "2006.05.06"]
[Round "2"]
[White "Bekteshi, Muhamet"]
[Black "Samson, Gaetan"]
[Result "1-0"]
[WhiteElo "2066"]
[BlackElo "1905"]
[PlyCount "84"]
[EventDate "2006.05.05"]
[EventType "swiss"]
[EventRounds "5"]
[EventCountry "CAN"]

1. d4 Nf6 2. Nf3 g6 3. c4 Bg7 4. Nc3 O-O 5. Bg5 d6 6. e3 Nbd7 7. Bd3 c6 8. O-O
Qc7 9. Rc1 e5 10. Re1 Re8 11. Bb1 Nf8 12. h3 Ne6 13. Bh4 Nh5 14. g4 Nf6 15. Bg3
exd4 16. exd4 Bh6 17. Rc2 Nf4 18. Rxe8+ Nxe8 19. Bxf4 Bxf4 20. Re2 Be6 21. d5
cxd5 22. cxd5 Bd7 23. Qd4 Bh6 24. Re7 Bg7 25. Qf4 Bf6 26. Rxe8+ Rxe8 27. Qxf6
Qb6 28. Ne4 Rc8 29. Nxd6 Be8 30. Be4 Rd8 31. Nxe8 Rxe8 32. Qxb6 axb6 33. Bd3
Rd8 34. Bc4 b5 35. Bb3 Rc8 36. Nd4 Rc5 37. Kg2 Kf8 38. d6 Ke8 39. Nxb5 h5 40.
a4 hxg4 41. hxg4 f5 42. Be6 fxg4 1-0

[Event "Quebec-ch qual. 1"]
[Site "Montreal CAN"]
[Date "2006.05.06"]
[Round "2"]
[White "Bergeron, Rene"]
[Black "Allard, Laurent"]
[Result "1-0"]
[WhiteElo "1246"]
[BlackElo "1560"]
[PlyCount "53"]
[EventDate "2006.05.05"]
[EventType "swiss"]
[EventRounds "5"]
[EventCountry "CAN"]

1. e4 c5 2. c3 Nf6 3. Bd3 Nc6 4. Nf3 g6 5. Bc2 d6 6. h3 Bg7 7. d4 cxd4 8. cxd4
Nd7 9. O-O O-O 10. Nc3 a6 11. Bg5 Nb6 12. Rb1 d5 13. e5 Be6 14. Na4 Nxa4 15.
Bxa4 Bf5 16. Bc2 Bxc2 17. Qxc2 Qb6 18. Qd2 Rfd8 19. Rfd1 f6 20. Bh6 fxe5 21.
Bxg7 Kxg7 22. dxe5 Qa5 23. Qf4 Rf8 24. Qg4 Rf5 25. a3 e6 26. Qh4 Qd8 27. Qg3
1-0

[Event "Quebec-ch qual. 1"]
[Site "Montreal CAN"]
[Date "2006.05.06"]
[Round "2"]
[White "Bordeleau, Jean-Francois"]
[Black "Lefebvre, Gabriel"]
[Result "1-0"]
[WhiteElo "1443"]
[BlackElo "1494"]
[PlyCount "55"]
[EventDate "2006.05.05"]
[EventType "swiss"]
[EventRounds "5"]
[EventCountry "CAN"]

1. e4 c5 2. c3 Nf6 3. e5 Nd5 4. d4 cxd4 5. cxd4 e6 6. Nc3 Bb4 7. Bd2 Qa5 8. Qc1
Nc6 9. Nf3 O-O 10. Bd3 Nxc3 11. bxc3 Ba3 12. Qc2 g6 13. O-O d6 14. Rfe1 dxe5
15. Nxe5 Nxe5 16. Rxe5 Qc7 17. Bh6 Rd8 18. Bg5 Re8 19. Qa4 Qxc3 20. Qxe8+ Kg7
21. Rd1 f6 22. Bxf6+ Kxf6 23. Qh8+ Ke7 24. Qg7+ Kd8 25. d5 Bd7 26. dxe6 Ba4 27.
Bb5+ Kc8 28. Qd7+ 1-0

[Event "Quebec-ch qual. 1"]
[Site "Montreal CAN"]
[Date "2006.05.06"]
[Round "2"]
[White "Bouchard, Jean-Marc"]
[Black "Sullivan, Neil"]
[Result "0-1"]
[WhiteElo "1917"]
[BlackElo "2066"]
[PlyCount "106"]
[EventDate "2006.05.05"]
[EventType "swiss"]
[EventRounds "5"]
[EventCountry "CAN"]

1. Nf3 c5 2. g3 g6 3. Bg2 Bg7 4. O-O Nf6 5. d4 cxd4 6. Nxd4 Nc6 7. c4 O-O 8.
Nc3 Nxd4 9. Qxd4 d6 10. Bg5 Be6 11. Bxf6 Bxf6 12. Qd3 Qa5 13. Rac1 Rac8 14. b3
Bxc3 15. Qxc3 Qxc3 16. Rxc3 b5 17. Rfc1 bxc4 18. bxc4 Rc5 19. Bb7 Rb8 20. Bd5
Rb2 21. Bxe6 fxe6 22. R1c2 Rb7 23. Kf1 Kf7 24. Ke1 Rb1+ 25. Kd2 Rf1 26. f4 Kf6
27. e4 e5 28. Ke3 exf4+ 29. gxf4 g5 30. fxg5+ Kxg5 31. Rg2+ Kf6 32. Rf2+ Rxf2
33. Kxf2 Rh5 34. Kg3 Rg5+ 35. Kf3 Ke6 36. a3 Rc5 37. Ke3 Ke5 38. Kf3 Kd4 39.
Rb3 e5 40. Rb7 Ra5 41. Rxh7 Rxa3+ 42. Kg4 Kxe4 43. Rd7 Ra6 44. h4 Kd4 45. Rc7
e4 46. Kf4 Ra1 47. Re7 Rf1+ 48. Kg3 a5 49. Kg2 Rf5 50. Re6 e3 51. Rxd6+ Kxc4
52. Rd1 e2 53. Ra1 Rf1 0-1

[Event "Quebec-ch qual. 1"]
[Site "Montreal CAN"]
[Date "2006.05.06"]
[Round "2"]
[White "Cloutier, Mathieu"]
[Black "Le Duin, Thierry"]
[Result "1/2-1/2"]
[WhiteElo "2043"]
[BlackElo "2132"]
[PlyCount "73"]
[EventDate "2006.05.05"]
[EventType "swiss"]
[EventRounds "5"]
[EventCountry "CAN"]

1. c3 Nf6 2. d4 c5 3. dxc5 e6 4. Bg5 Bxc5 5. e3 O-O 6. Nf3 d5 7. Be2 Nbd7 8.
O-O b6 9. Nbd2 Bb7 10. Nb3 Be7 11. Bf4 Nh5 12. Ne5 Nxf4 13. exf4 Bd6 14. Nxd7
Qxd7 15. g3 Be7 16. Nd4 Bf6 17. Re1 g6 18. Bg4 Rfe8 19. Bf3 Rac8 20. Qd2 Qa4
21. Bd1 Qc4 22. Be2 Qc5 23. Rac1 a6 24. Nf3 Red8 25. Qe3 b5 26. Qxc5 Rxc5 27.
Rcd1 Rdc8 28. Ne5 R8c7 29. Nd3 R5c6 30. Bf3 Rb6 31. a3 a5 32. Rc1 Ba6 33. Ne5
b4 34. cxb4 Rxc1 35. Rxc1 axb4 36. a4 Bxe5 37. fxe5 1/2-1/2

[Event "Quebec-ch qual. 1"]
[Site "Montreal CAN"]
[Date "2006.05.06"]
[Round "2"]
[White "Laurain, Guy"]
[Black "Hajiyev, Elshad"]
[Result "1/2-1/2"]
[WhiteElo "2138"]
[BlackElo "2047"]
[PlyCount "117"]
[EventDate "2006.05.05"]
[EventType "swiss"]
[EventRounds "5"]
[EventCountry "CAN"]

1. e4 c5 2. Nc3 Nc6 3. f4 g6 4. Nf3 Bg7 5. d3 e6 6. Be2 Nge7 7. O-O Nd4 8. e5
d5 9. Nxd4 cxd4 10. Nb5 Nf5 11. g4 a6 12. gxf5 axb5 13. f6 Bf8 14. c3 dxc3 15.
bxc3 d4 16. c4 bxc4 17. dxc4 Bc5 18. Bd3 b6 19. Qf3 Ra7 20. Bb2 Bb7 21. Be4 d3+
22. Kg2 Bxe4 23. Qxe4 O-O 24. Rf3 d2 25. Rd3 Qa8 26. Qxa8 Rfxa8 27. a3 Ra4 28.
Rxd2 Rxc4 29. Rad1 h5 30. Bd4 Rxa3 31. Bxc5 bxc5 32. Rd8+ Kh7 33. R8d7 Rxf4 34.
Rxf7+ Kh6 35. Rfd7 h4 36. R1d3 Ra2+ 37. Rd2 Ra3 38. R2d3 Raa4 39. R7d6 Rae4 40.
Rxe6 Re2+ 41. Kg1 c4 42. Rc3 Rd4 43. Rd6 Rg4+ 44. Kf1 Rxe5 45. Rf3 Rf5 46. Rxf5
gxf5 47. f7+ Kg7 48. Rf6 Rf4+ 49. Ke2 Kf8 50. Ke3 Rf1 51. Kd4 Rf4+ 52. Ke3 Re4+
53. Kd2 f4 54. h3 Re3 55. Rxf4 Rxh3 56. Rxc4 Kxf7 57. Ke2 Kf6 58. Kf2 Kf5 59.
Rc5+ 1/2-1/2

[Event "Quebec-ch qual. 1"]
[Site "Montreal CAN"]
[Date "2006.05.06"]
[Round "2"]
[White "Malveau, Cedric"]
[Black "Giroux, Robert"]
[Result "1-0"]
[WhiteElo "2060"]
[BlackElo "1784"]
[PlyCount "81"]
[EventDate "2006.05.05"]
[EventType "swiss"]
[EventRounds "5"]
[EventCountry "CAN"]

1. e4 c5 2. Nc3 Nc6 3. g3 d6 4. Bg2 g6 5. d3 Bg7 6. Be3 Rb8 7. Qd2 b5 8. f4 Nd4
9. Nd1 e5 10. c3 Nc6 11. Nf3 Nge7 12. O-O O-O 13. fxe5 Nxe5 14. Nxe5 Bxe5 15.
Bh6 Bg7 16. Bxg7 Kxg7 17. Ne3 f5 18. exf5 Bxf5 19. Rf2 Be6 20. Rxf8 Kxf8 21.
Qf2+ Kg7 22. Qf4 Ng8 23. Rf1 Qe7 24. Bd5 Nf6 25. Bxe6 Qxe6 26. a3 Re8 27. Ng2
Rf8 28. Re1 Qd7 29. Re2 Ng4 30. Qg5 Ne5 31. Nh4 Qh3 32. Re1 Rf7 33. Qd2 Rf3 34.
d4 Rxg3+ 35. hxg3 Qxg3+ 36. Kf1 Ng4 37. Nf5+ gxf5 38. Qg5+ Kf8 39. Qxf5+ Kg8
40. Re8+ Kg7 41. Re7+ 1-0

[Event "Quebec-ch qual. 1"]
[Site "Montreal CAN"]
[Date "2006.05.06"]
[Round "2"]
[White "Michaud, Pierre"]
[Black "Mok, Yuen Tak"]
[Result "1-0"]
[WhiteElo "1335"]
[BlackElo "1609"]
[PlyCount "91"]
[EventDate "2006.05.05"]
[EventType "swiss"]
[EventRounds "5"]
[EventCountry "CAN"]

1. e4 e5 2. Nf3 Nf6 3. Nxe5 d6 4. Nf3 Nxe4 5. d4 d5 6. Bd3 Nc6 7. c3 Bd6 8.
Nbd2 Nf6 9. O-O O-O 10. b3 Bg4 11. Qc2 Qd7 12. Bb2 Rae8 13. Rfe1 g6 14. a3 Nd8
15. c4 c6 16. Ne5 Bxe5 17. dxe5 Nh5 18. Qc3 Be6 19. a4 f5 20. exf6 Nxf6 21. Nf3
Qg7 22. Qc2 dxc4 23. Bxc4 Bxc4 24. Qxc4+ Qf7 25. Qc3 Ne6 26. Ne5 Qg7 27. Qc4
Nd5 28. Nd3 Qc7 29. Rac1 Qd6 30. Be5 Qe7 31. Bg3 a5 32. Re2 Qf7 33. Rce1 Ng7
34. Ne5 Qf5 35. h3 Nh5 36. Bh2 Nhf4 37. Re4 Kg7 38. Qd4 Ne6 39. Qb2 Kg8 40. Ng4
Qg5 41. Rxe6 Rd8 42. R6e5 Rf5 43. Re8+ Rxe8 44. Rxe8+ Kf7 45. Re1 Nb4 46. Qh8
1-0